Životné otázky družstiev Slovenský roľnícky družstevný zväz

Bibliographic Details
Format: Article
Language:Slovak
Subjects:

MARC

LEADER 00000nab a2200000 a 4500
001 vtls000416140
003 SK-MaSNL
005 20260302234800.0
008 120925c1991 xo 0 slo
015 |a SNBRB19rr/mm-uuuuu 
035 |a CL0416265 
040 |a SNKBUCL  |b slo  |c SNKBUCL  |e AACR2 
041 0 |a slo 
044 |a xo  |c SK 
080 |a 631.115.6:061.25  |2 1981 
080 |a 061.25  |2 1981 
080 |a 349.41/.42  |2 1981 
245 0 0 |a Životné otázky družstiev  |b Slovenský roľnícky družstevný zväz 
650 0 7 |a družstvá poľnohospodárske  |2 snkbucl  |9 309557 
655 7 |a články z novín a časopisov  |2 snkbucl  |9 267496 
773 0 |t Roľnícke noviny  |g Roč. 46, č. 116 (20. 5. 1991), s. 1-2 
850 |a Slovenská národná knižnica v Martine  |a MTA001 
852 |a SNK  |b KIS3GCP 
958 |a RK 
992 |a RBX 
999 |c 1551936  |d 1553866